Strategic Marketing Problems. (Record no. 349897)
[ view plain ]
| 000 -LEADER | |
|---|---|
| fixed length control field | 00598nam a22002417a 4500 |
| 003 - CONTROL NUMBER IDENTIFIER | |
| control field | OSt |
| 005 - DATE AND TIME OF LATEST TRANSACTION | |
| control field | 20180116183002.0 |
| 008 - FIXED-LENGTH DATA ELEMENTS--GENERAL INFORMATION | |
| fixed length control field | 150306b xxu||||| |||| 00| 0 eng d |
| 020 ## - INTERNATIONAL STANDARD BOOK NUMBER | |
| International Standard Book Number | 9788131755310 |
| 022 ## - INTERNATIONAL STANDARD SERIAL NUMBER | |
| International Standard Serial Number | 9788131755310 |
| 040 ## - CATALOGING SOURCE | |
| Transcribing agency | 0 |
| 050 ## - LIBRARY OF CONGRESS CALL NUMBER | |
| Classification number | 658.802 |
| 082 ## - DEWEY DECIMAL CLASSIFICATION NUMBER | |
| Classification number | 658.802 |
| 100 ## - MAIN ENTRY--PERSONAL NAME | |
| Personal name | Kerin,Roger A. |
| 245 ## - TITLE STATEMENT | |
| Title | Strategic Marketing Problems. |
| Remainder of title | Cases and Comments. |
| Statement of responsibility, etc. | Roger A.Kerin |
| 250 ## - EDITION STATEMENT | |
| Edition statement | 12th. |
| 260 ## - PUBLICATION, DISTRIBUTION, ETC. | |
| Place of publication, distribution, etc. | India |
| Name of publisher, distributor, etc. | Pearson |
| Date of publication, distribution, etc. | 2011 |
| 300 ## - PHYSICAL DESCRIPTION | |
| Extent | 708p. |
| 500 ## - GENERAL NOTE | |
| General note | Paper Cover |
| 600 ## - SUBJECT ADDED ENTRY--PERSONAL NAME | |
| Personal name | Kerin,Roger A. |
| 700 ## - ADDED ENTRY--PERSONAL NAME | |
| Personal name | Kerin,Roger A. |
| 942 ## - ADDED ENTRY ELEMENTS (KOHA) | |
| Source of classification or shelving scheme | |
| Koha item type | Book |
| Call number prefix | 658.802 |
| Withdrawn status | Lost status | Source of classification or shelving scheme | Damaged status | Not for loan | Collection code | Permanent Location | Current Location | Shelving location | Date acquired | Total Checkouts | Full call number | Barcode | Date last seen | Date last checked out | Price effective from | Koha item type |
|---|---|---|---|---|---|---|---|---|---|---|---|---|---|---|---|---|
| Central Library (CL) | Central Library (CL) | General Stacks | 03/06/2015 | 1 | 658.802 KER | NBS9176 | 07/18/2017 | 03/12/2015 | 03/06/2015 | Book | ||||||
| Central Library (CL) | Central Library (CL) | General Stacks | 03/06/2015 | 4 | 658.802 KER | NBS9177 | 06/18/2015 | 05/12/2015 | 03/06/2015 | Book | ||||||
| Central Library (CL) | Central Library (CL) | General Stacks | 03/06/2015 | 658.802 KER | NBS9178 | 06/08/2015 | 03/06/2015 | Book | ||||||||
| Central Library (CL) | Central Library (CL) | General Stacks | 03/06/2015 | 2 | 658.802 KER | NBS9179 | 06/17/2015 | 04/02/2015 | 03/06/2015 | Book | ||||||
| Central Library (CL) | Central Library (CL) | General Stacks | 08/02/2018 | 658.802 KER 2011 | NBSD-2976 | 08/02/2018 | 08/02/2018 | Book | ||||||||
| Central Library (CL) | Central Library (CL) | General Stacks | 08/02/2018 | 658.802 KER 2011 | NBSD-2977 | 08/02/2018 | 08/02/2018 | Book | ||||||||
| Central Library (CL) | Central Library (CL) | General Stacks | 08/02/2018 | 658.802 KER 2011 | NBSD-2978 | 08/02/2018 | 08/02/2018 | Book | ||||||||
| Central Library (CL) | Central Library (CL) | General Stacks | 08/02/2018 | 658.802 KER 2011 | NBSD-2979 | 08/02/2018 | 08/02/2018 | Book | ||||||||
| Central Library (CL) | Central Library (CL) | General Stacks | 08/02/2018 | 658.802 KER 2011 | NBSD-2980 | 08/02/2018 | 08/02/2018 | Book | ||||||||
| Central Library (CL) | Central Library (CL) | General Stacks | 08/02/2018 | 658.802 KER 2011 | NBSD-2981 | 08/02/2018 | 08/02/2018 | Book |
